| 000 | 01909nam a2200433 c 4500 | ||
|---|---|---|---|
| 001 | 18500 | ||
| 003 | ES-MaCES | ||
| 005 | 20141221122539.0 | ||
| 007 | cr ||||||||||| | ||
| 008 | 060216s2006 sp l o000 | spa d | ||
| 017 |
_aM 6458-2006 _bDL |
||
| 035 | _aCES20060001281m | ||
| 040 |
_aES-MaCES _bspa _cES-MaCES |
||
| 110 | 2 |
_aConsejo Económico y Social (España) _92408 |
|
| 245 | 1 | 0 |
_aDictamen 1-2006 sobre el Proyecto de Orden Ministerial por el que se desarrolla la Ley del sector ferroviario en materia de condiciones y requisitos necesarios para la obtención de los títulos y las habilitaciones exigibles al personal que realice funciones, en el ámbito ferroviario, relacionadas con la seguridad, y del régimen de autorización y funcionamiento de los centros para la formación y la certificación de valoración de la aptitud psicofísica de dicho personal _b: Sesión ordinaria del Pleno de 25 de enero de 2006 _cConsejo Económico y Social |
| 250 | _a1ª ed | ||
| 260 |
_aMadrid _bCES _c2006 |
||
| 300 |
_a11 p. _c24 cm |
||
| 490 | 1 |
_aColección Dictámenes _v1-2006 |
|
| 500 | _aTít. tomado de la cub | ||
| 541 | _cGratuito | ||
| 650 | 4 |
_atransporte ferroviario _928053 |
|
| 650 | 4 |
_aobrero ferroviario _928444 |
|
| 650 | 4 |
_acertificación ocupacional _929930 |
|
| 650 | 4 |
_acalificación profesional _928319 |
|
| 650 | 4 |
_acentro de formación _927432 |
|
| 650 | 4 |
_acentro médico _929367 |
|
| 650 | 4 |
_aexamén médico _928698 |
|
| 650 | 4 |
_asalud en el trabajo _928347 |
|
| 650 | 4 |
_aEspaña _926964 |
|
| 650 | 4 |
_arégimen jurídico _929894 |
|
| 650 | 4 |
_adictamen _930802 |
|
| 653 | 1 | 0 | _aRelaciones laborales-Empleo |
| 830 | 0 |
_aColección Dictámenes (Consejo Económico y Social (España)) _v1-2006 _932521 |
|
| 856 | 4 | _uhttp://www.ces.es/documents/DIC/2006/01 | |
| 902 | _aLIB Libro | ||
| 942 |
_2CES _cBK _h2.0. |
||
| 999 |
_c18500 _d18500 |
||